000 00459nam a22001817a 4500
003 OSt
005 20140310182449.0
008 130805t xxu||||| |||| 00| 0 eng d
020 _a9789715849265
050 _aPE 1128
_b.Se443 2009
100 _aSebastian, Evelyn
_97971
245 _aEnglish Communication 2
_cEvelyn Sebastian
300 _a123 p
_c26 cm.
541 _j1
562 _e1
650 _2English-Communication
942 _2lcc
_cSSLC
999 _c13652
_d13652